000 01439nam a2200217Ia 4500
003 Ost
005 20260507075029.0
008 260507s9999||||xx |||||||||||||| ||und||
040 _cfsecg
041 _aara
082 _a330
100 _aجربوع، يوسف محمد
_eمؤلف
245 0 _aالمحاسبة الدولية مع التطبيق العملي للمحاسبة الدولية /
_c يوسف محمد جربوع
260 _aعمان:
_bمؤسسة الوراق للنشر والتوزيع,
_c2002
300 _a488 صفحة؛
_bإيضاحات ؛
_c24 سم
520 _aمفهوم المحاسبة الدولية،الشركات والمؤسسات المحلية والإقليمية والدولية، التجارة الإلكترونية والعولمة، معايير المحاسبي الدولي رقم1، المعيار المحاسبي الدولي رقم 2 ،المعيار المحاسبي الدولي رقم 4، المعيار المحاسبي الدولي رقم 7، المعيار المحاسبي رقم 8، المعيار المحاسبي رقم 9، حتى المعيار المحاسبي رقم 37، المعالجة المحاسبية لتكاليف البيئة، المشاكل المحاسبية للشركات الدولية
653 _aالمحاسبة
653 _aالمحاسبة الدولية
700 _aحلس، سالم عبد الله
_eمؤلف ثانوي
942 _cكتاب
999 _c42370
_d42370